Transformers: Prime characters - Statistics

General Stats
  • This quiz has been taken 179 times
  • The average score is 16 of 23
Answer Stats
Answer % Correct
Optimus Prime
99%
Bumblebee
98%
Megatron
96%
Starscream
93%
Soundwave
92%
Ratchet
89%
Shockwave
88%
Arcee
87%
Bulkhead
86%
Wheeljack
81%
Ultra Magnus
79%
Knock Out
78%
Smokescreen
75%
Breakdown
71%
Cliffjumper
71%
Predaking
66%
Airachnid
57%
Dreadwing
57%
Skyquake
50%
Hardshell
31%
Makeshift
31%
Steve
24%
Nemesis Prime
17%
No matching quizzes found
Score Distribution
Percent of People with Each Score
Percentile by Number Answered
Your Score History
You have not taken this quiz